| Tag |
First Indicator |
Second Indicator |
Subfields |
| LEADER |
00000cam a2200000Ma 4500 |
| 001 |
in00002781920 |
| 005 |
20150922103417.0 |
| 008 |
060131s1996 sp 000 0 spa d |
| 020 |
|
|
|a 8477743541
|
| 020 |
|
|
|a 9788477743545
|
| 035 |
|
|
|a (OCoLC)ocn639176837
|
| 035 |
|
|
|a (OCoLC)639176837
|
| 040 |
|
|
|a ESUDE
|b spa
|c ESUDE
|d YUS
|d TXA
|d UtOrBLW
|
| 049 |
|
|
|a TXAM
|
| 050 |
|
4 |
|a PQ6651.R463
|b E33 1996
|
| 090 |
|
|
|a PQ6651.R4593
|b E33 1996
|
| 100 |
1 |
|
|a Armada, Alfonso,
|d 1958-
|
| 245 |
1 |
3 |
|a La edad de oro de los perros, Sin maldita esperanza /
|c Alfonso Armada.
|
| 246 |
2 |
3 |
|a Sin maldita esperanza :
|b La noche de la novia ; La televisión es mi pastor, nada me falta
|
| 264 |
|
1 |
|a Madrid :
|b Visor,
|c 1996.
|
| 300 |
|
|
|a 110 pages ;
|c 19 cm.
|
| 336 |
|
|
|a text
|b txt
|2 rdacontent
|
| 337 |
|
|
|a unmediated
|b n
|2 rdamedia
|
| 338 |
|
|
|a volume
|b nc
|2 rdacarrier
|
| 490 |
1 |
|
|a Biblioteca Antonio Machado de teatro ;
|v 54
|
| 650 |
0 |
4 |
|a Teatro español
|y Siglo XX.
|
| 700 |
1 |
2 |
|a Armada, Alfonso,
|d 1958-
|t Sin maldita esperanza.
|
| 830 |
|
0 |
|a Biblioteca Antonio Machado de teatro ;
|v 54.
|
| 994 |
|
|
|a C0
|b TXA
|
| 948 |
|
|
|a cataloged
|b h
|c 2012/6/29
|d c
|e jlanham
|f 9:36:44 am
|
| 999 |
|
|
|a MARS
|
| 999 |
f |
f |
|s 3bedc756-c57c-393e-913a-16fdbeb5c975
|i 8b40fe16-5a48-3f5c-a407-e7c7d6c396f9
|t 0
|
| 952 |
f |
f |
|p ric
|a Texas A&M University
|b Rellis Campus
|c Joint Library Facility
|d Remote Storage
|t 0
|e PQ6651.R4593 E33 1996
|h Library of Congress classification
|i unmediated -- volume
|m A14841235035
|
| 998 |
f |
f |
|a PQ6651.R4593 E33 1996
|t 0
|l Remote Storage
|